| 000 | 01466nam0a2200409 4500 | ||
|---|---|---|---|
| 001 | RU\NLR\bibl\1480616 | ||
| 005 | 20250616005418.0 | ||
| 010 |
_a978-5-17-063195-7 _bАСТ |
||
| 010 |
_a978-5-403-0297-0 _bАСТ Москва |
||
| 010 |
_a978-5-226-01887-9 _bВКТ _95000 |
||
| 021 |
_aRU _b2009-107961 _96887 |
||
| 035 | _a(nilc)RSL-KNO-004565424 | ||
| 035 | _aKML\BIBL\0000014395 | ||
| 035 | _a(NLR Aleph) 001472269 | ||
| 090 |
_a1651116 _c1651116 |
||
| 100 | _a20100114d2010 |||y0rusy50 ca | ||
| 101 | 1 |
_arus _ceng |
|
| 102 | _aRU | ||
| 105 | _ay zzzz||||| | ||
| 200 | 1 |
_aОбольстить невесту _eроман _fНиколь Джордан _g[пер. с англ. И. В. Ермаковой] |
|
| 210 |
_aМосква _cАСТ Москва _cАСТ _aВладимир _cВКТ _d2010 [т.е. 2009] |
||
| 215 |
_a315, [1] с. _d21 |
||
| 225 | 1 | _aОчарование | |
| 300 | _aКн. фактически изд. в 2009 г. | ||
| 686 |
_aШ5(7США)62-644 _2rubbk |
||
| 686 |
_a0662 _aИсторический любовный роман _2TCC-BG |
||
| 686 | _aШ6(7США)67-440.4{Лх1979-50} | ||
| 700 | 1 |
_aДжордан _bН. _gНиколь _4070 |
|
| 801 | 0 |
_aRU _bRuMoRGB _c20100114 _grcr |
|
| 801 | 1 |
_aRU _bRuMoRGB _c20100114 |
|
| 801 | 2 |
_aRU _bЦУНБ Москва _c20100224 _grcr |
|
| 801 | 2 |
_aRU _bNLR _c20100304 _grcr |
|
| 830 | _aCODE_OF_LIBNET\000047381 | ||
| 942 | _cBOOK | ||
| 980 | _aNB | ||